Statistics for Noi Bai International Airport (Hanoi, Vietnam)

Click here to take the quiz!

General Stats

  • This quiz has been taken 27 times
  • The average score is 54 of 78

Answer Stats

AirlineDestination% Correct
Thai AirAsia/Thai Lion AirBangkok (Don Mueang)
100%
Bamboo Airways/Pacific Airlines/Thai Smile/VietJet Air/Vietnam Airlines/Vietravel AirlinesBangkok (Suvarnabhumi)
100%
VietJet Air/Vietnam AirlinesDelhi
100%
EmiratesDubai (International)
100%
Bamboo Airways/Pacific Airlines/VietJet Air/Vietnam Airlines/Vietravel AirlinesHo Chi Minh City
100%
VietJet Air/Vietnam AirlinesOsaka (Kansai)
100%
China Eastern Airlines/Vietnam AirlinesShanghai (Pudong)
100%
Scoot/VietJet Air/Vietnam AirlinesSingapore
100%
Vietnam AirlinesTokyo (Haneda)
100%
All Nippon Airways/Bamboo Airways/Japan Airlines/VietJet Air/Vietnam AirlinesTokyo (Narita)
100%
Vietnam AirlinesBeijing (Capital)
95%
Vietnam AirlinesBeijing (Daxing)
95%
Bamboo Airways/Pacific Airlines/VietJet Air/Vietnam Airlines/Vietravel AirlinesDa Nang
95%
Qatar AirwaysDoha
95%
Cathay Pacific/HK Express/Hong Kong Airlines/VietJet Air/Vietnam AirlinesHong Kong
95%
AirAsia/Batik Air Malaysia/Malaysia Airlines/Vietnam AirlinesKuala Lumpur (International)
95%
Cambodia Angkor Air/Vietnam AirlinesPhnom Penh
95%
Lao Airlines/Vietnam AirlinesVientiane
95%
Myanmar Airways International/VietJet Air/Vietnam AirlinesYangon
95%
China Southern Airlines/Vietnam AirlinesGuangzhou
90%
Turkish AirlinesIstanbul
90%
Cebu Pacific/Philippine Airlines/Vietnam AirlinesManila
90%
VietJet Air/Vietnam AirlinesMumbai
90%
Asiana Airlines/Bamboo Airways/Jeju Air/Korean Air/T'way Air/VietJet Air/Vietnam AirlinesSeoul (Incheon)
90%
Bamboo Airways/China Airlines/EVA Air/Starlux Airlines/VietJet Air/Vietnam AirlinesTaipei (Taoyuan)
90%
Thai AirAsiaChiang Mai
86%
Bamboo AirwaysLondon (Gatwick)
86%
Vietnam AirlinesLondon (Heathrow)
86%
Bamboo Airways/Vietnam AirlinesMelbourne
86%
VietJet Air/Vietnam AirlinesNagoya (Centrair)
86%
Vietnam AirlinesParis (Charles de Gaulle)
86%
Vietnam AirlinesSydney
86%
XiamenAirXiamen
86%
VietJet AirDenpasar
81%
IndiGoKolkata
81%
Air Macau/Vietnam AirlinesMacau
81%
Vietnam AirlinesMoscow (Sheremetyevo)
81%
Bamboo Airways/Pacific Airlines/VietJet Air/Vietnam AirlinesNha Trang
81%
VietJet AirPhuket
81%
VietJet Air/Vietnam AirlinesBusan
76%
Aero MongoliaUlaanbaatar
76%
Bamboo Airways/VietJet Air/Vietnam AirlinesCan Tho
71%
Bamboo Airways/Vietnam AirlinesFrankfurt
71%
VietJet Air/Vietnam AirlinesFukuoka
71%
Bamboo Airways/VietJet Air/Vietnam AirlinesPhu Quoc
71%
China Southern Airlines/Vietnam AirlinesShenzhen
71%
Cambodia Angkor Air/VietJet Air/Vietnam AirlinesSiem Reap
71%
Bamboo AirwaysTianjin
71%
Chongqing Airlines/Vietnam AirlinesChongqing
67%
Bamboo Airways/VietJet Air/Vietnam AirlinesHue
67%
China Eastern AirlinesKunming
67%
Vietnam AirlinesChengdu (Tianfu)
57%
Bamboo Airways/Pacific Airlines/VietJet Air/Vietnam AirlinesDa Lat
57%
Lao Airlines/Vietnam AirlinesLuang Prabang
57%
Cambodia Angkor Air/Vietnam AirlinesSiem Reap (Angkor)
57%
Bamboo Airways/Vietnam Airlines/Vietnam Airlines VASCOVinh
57%
VietJet Air/Vietnam AirlinesKaohsiung
52%
Bamboo Airways/VietJet Air/Vietnam AirlinesPleiku
48%
Bamboo Airways/VietJet Air/Vietnam Airlines/Vietravel AirlinesQuy Nhon
48%
VietJet AirTaichung
48%
T'way AirDaegu
43%
Vietnam AirlinesDalian
43%
Vietnam AirlinesHaikou
43%
IrAeroIrkutsk
38%
VietJet AirAhmedabad
33%
Bamboo Airways/VietJet Air/Vietnam AirlinesBuon Ma Thuot
33%
Bamboo Airways/Pacific Airlines/VietJet Air/Vietnam Airlines/Vietnam Airlines VASCODong Hoi
33%
Bamboo AirwaysTainan
33%
Bamboo AirwaysCon Dao
29%
Bamboo Airways/Vietnam Airlines VASCODien Bien Phu
29%
Bamboo Airways/VietJet Air/Vietnam AirlinesTuy Hoa
29%
Bamboo AirwaysCa Mau
24%
Bamboo AirwaysRach Gia
24%
Fly Gangwon/VietJet AirYangyang
24%
Bamboo Airways/VietJet Air/Vietnam AirlinesChu Lai
19%
Vietnam AirlinesNingbo
19%
Qingdao AirlinesZhangjiajie
19%
Bamboo Airways/Vietnam AirlinesIbaraki
10%

Score Distribution

Percentile by Number Answered

Percent of People with Each Score

Your Score History

You have not taken this quiz